Optimum number of trees in tapping experiments on Hevea brasiliensis. I. Half spiral alternate daily tapping with and without stimulation (Record no. 64450)

MARC details
000 -LEADER
fixed length control field 00563nam a2200169Ia 4500
100 ## - MAIN ENTRY--AUTHOR NAME
Personal name Narayanan R
245 #0 - TITLE STATEMENT
Title Optimum number of trees in tapping experiments on Hevea brasiliensis. I. Half spiral alternate daily tapping with and without stimulation
260 ## - PUBLICATION, DISTRIBUTION, ETC. (IMPRINT)
Name of publisher Journal of the Rubber Research Institute of Malaya
Year of publication 1967
300 ## - PHYSICAL DESCRIPTION
Number of Pages 80-90
650 ## - SUBJECT ADDED ENTRY--TOPICAL TERM
Topical Term Half spiral tapping
650 ## - SUBJECT ADDED ENTRY--TOPICAL TERM
Topical Term Hevea brasiliensis
650 ## - SUBJECT ADDED ENTRY--TOPICAL TERM
Topical Term Tapping experiments
700 ## - ADDED ENTRY--PERSONAL NAME
Personal name Chin Png Tat
700 ## - ADDED ENTRY--PERSONAL NAME
Personal name Ng E K
942 ## - ADDED ENTRY ELEMENTS (KOHA)
Koha item type Journals
Holdings
Withdrawn status Lost status Damaged status Not for loan Home library Current library Shelving location Date acquired Serial Enumeration / chronology Koha item type
      Journals RRII Library RRII Library Physiology 17/12/2021 Volume 20, Issue 2 Journals